Emperors of Rome Quiz Stats

 Plays Quiz Updated Sep 26, 2018

Score 0/76 Timer 10:00
5 Plays Today
Reigned Emperor % Correct
54-68Nero
88.4%
27 BCE-14Augustus
86.9%
37-41Caligula
73.3%
41-54Claudius
60.7%
14-37Tiberius
58.4%
117-138Hadrian
57.3%
161-180Marcus Aurelius
54.9%
98-117Trajan
48.9%
69-79Vespasian
44.1%
79-81Titus
43.7%
177-192Commodus
43.2%
81-96Domitian
36.9%
69Otho
36.3%
68-69Galba
35.9%
96-98Nerva
33.7%
306-337Constantine I the Great
33.4%
284-305Diocletian
33.3%
337-340Constantine II
31.5%
138-161Antoninus Pius
30.5%
69Vitellius
30.2%
193-211Septimius Severus
29.6%
198-217Caracalla
27.5%
222-235Alexander Severus
27.3%
161-169Lucius Verus
27.2%
360-363Julian the Apostate
24.1%
192-193Pertinax
23.4%
244-249Philip the Arab
23%
238Gordian I
22.2%
238Gordian II
22.2%
209-211Geta
22.2%
218-222Elagabalus
22%
238-244Gordian III
21.4%
270-275Aurelian
20.3%
305-306Constantius I Chlorus
20.1%
286-305Maximian
20%
307-308Maximian
20%
379-395Theodosius I the Great
19.9%
253-260Valerian
19.7%
Reigned Emperor % Correct
235-238Maximinus I Thrax
19.3%
337-361Constantius II
19.1%
193Didius Julianus
18.9%
337-350Constans
18.8%
364-378Valens
18%
393-395Honorius
17.9%
268-270Claudius II Gothicus
17.7%
217-218Macrinus
17.5%
275-276Tacitus
16.7%
306-312Maxentius
16.2%
364-375Valentinian I
16.1%
249-251Decius
16.1%
375-392Valentinian II
15.7%
238Balbinus
15.4%
238Pupienus
15%
282-283Carus
14.6%
276-282Probus
14.3%
276Florian
13.9%
383-395Arcadius
13.7%
283-284Numerian
13.7%
363-364Jovian
13.6%
251Hostilian
13.4%
282-285Carinus
13.3%
305-311Galerius
13.3%
218Diadumenian
13.1%
310-312Maximinus II Daia
13%
253-268Gallienus
12.6%
308-324Licinius
12.5%
367-383Gratian
11.7%
316-317Valerius Valens
11.3%
253Aemilianus
11.1%
251-253Trebonianus Gallus
11.1%
270Quintillus
10.8%
306-307Flavius Valerius Severus
10.7%
251Herennius Etruscus
10.4%
251-253Volusianus
9%
260Saloninus
8.7%
324Martinianus
7.6%

You're not logged in!

Compare scores with friends on all Sporcle quizzes.
OR
Log In

Sporcle TV

Today on Sporcle TV


Watch our educational content, quiz creation guides, and fun videos on Sporcle TV.

Show Comments

Extras

Top Quizzes Today


Score Distribution

Your Account Isn't Verified!

In order to create a playlist on Sporcle, you need to verify the email address you used during registration. Go to your Sporcle Settings to finish the process.

Report this User

Report this user for behavior that violates our Community Guidelines.

Details: